Phát triển du lịch cộng đồng ở Việt Nam
Nội dung sách trình bày khái quát cơ sở lý luận về phát triển du lịch cộng đồng; giới thiệu các mô hình du lịch cộng đồng ở Việt Nam hiệu quả, góp phần xóa đói giảm nghèo, phát triển kinh tế - xã hội địa phương; đưa ra một số giải pha...
Sparad:
| Huvudupphovsman: | |
|---|---|
| Materialtyp: | Bok |
| Språk: | Vietnamese |
| Publicerad: |
H.
Thể thao và du lịch
2020
|
| Ämnen: | |
| Taggar: |
Lägg till en tagg
Inga taggar, Lägg till första taggen!
|
| Thư viện lưu trữ: | Thư viện Trường Đại học Nam Cần Thơ |
|---|
| LEADER | 01591nam a22002177a 4500 | ||
|---|---|---|---|
| 001 | NCT_88189 | ||
| 008 | 210217b xxu||||| |||| 00| 0 vie d | ||
| 999 | |c 4348 |d 4348 | ||
| 020 | |a 9786048508722 | ||
| 082 | 0 | 4 | |2 23rd ed. |a 338.4791579 |b L406 |
| 100 | 1 | |a Nguyễn Thanh Loan |e Chủ biên | |
| 245 | 1 | 0 | |a Phát triển du lịch cộng đồng ở Việt Nam |c Nguyễn Thanh Loan (Chủ biên) |
| 260 | |a H. |b Thể thao và du lịch |c 2020 | ||
| 300 | |a 272 tr. |c 21cm | ||
| 520 | 3 | |a Nội dung sách trình bày khái quát cơ sở lý luận về phát triển du lịch cộng đồng; giới thiệu các mô hình du lịch cộng đồng ở Việt Nam hiệu quả, góp phần xóa đói giảm nghèo, phát triển kinh tế - xã hội địa phương; đưa ra một số giải pháp, kiến nghị nhằm nâng cao chất lượng du lịch cộng đồng tại Việt Nam trong giai đoạn hiện nay. | |
| 653 | |a Quản trị du lịch và lữ hành | ||
| 942 | |2 ddc |c BK | ||
| 952 | |0 0 |1 0 |2 ddc |4 0 |6 338_479157900000000_L406 |7 0 |9 20964 |a 000001 |b 000001 |d 2021-02-17 |o 338.4791579 L406 |p MD.18234 |r 2021-02-17 |w 2021-02-17 |y BK | ||
| 952 | |0 0 |1 0 |2 ddc |4 0 |6 338_479157900000000_L406 |7 0 |9 20965 |a 000001 |b 000001 |d 2021-02-17 |o 338.4791579 L406 |p MD.18235 |r 2021-02-17 |w 2021-02-17 |y BK | ||
| 952 | |0 0 |1 0 |2 ddc |4 0 |6 338_479157900000000_L406 |7 0 |9 20966 |a 000001 |b 000001 |d 2021-02-17 |o 338.4791579 L406 |p MD.18236 |r 2021-02-17 |w 2021-02-17 |y BK | ||
| 980 | |a Thư viện Trường Đại học Nam Cần Thơ | ||


